000 00878nas a2200301 4500
001 BR0002225
003 BR-BrBNA
005 20231205101832.0
007 ta
008 230509b bl.|||p| |||| 00| 00por d
040 _aBR-BrBNA
_bpor
_cBiblioteca Nacional de Agricultura
041 _a(En)
072 _aH60; T01
100 1 _aFuscaldo, F.
100 1 _aBedmar, F.
100 1 _aMonterubbianesi, G.
245 1 _aPersistence of atrazine, metribuzin and simazine herbicides in two soils
650 _aAveia
650 _aSolo
650 _aResistencia a Produtos Quimicos
650 _aPh
650 _aMateria Organica
650 _aHerbicida
650 _aPoluicao
773 0 _tPesquisa Agropecuaria Brasileira (Brazil)
_xISSN 0100-204X
_g(Nov 1999), v. 34(11) p. 2037-2044
_wBR0002225
909 _a202311
_bLúcia
_c55
_dLúcia Elande
942 _2AGRIS
_n0
_cANA
999 _c164227
_d164227